[Event "BL 9394 Bayern-Empor Berlin"]
[Site "?"]
[Date "1993.??.??"]
[Round "?.6"]
[White "Boensch, U."]
[Black "Rabiega, R."]
[Result "1/2-1/2"]
[WhiteElo "2525"]
[BlackElo "2455"]
[PlyCount "88"]
[EventDate "1993.??.??"]

1. d4 d5 2. c4 e6 3. Nc3 Nf6 4. cxd5 exd5 5. Bg5 c6 6. e3 Qb6 7. Qd2 Ne4 8.
Nxe4 dxe4 9. Ne2 Bb4 10. Nc3 Qa5 11. Bh4 Be6 12. Be2 Nd7 13. O-O Nb6 14. Rfc1
Nc4 15. Bxc4 Bxc4 16. Qd1 Bxc3 17. Rxc3 Be6 18. Rc5 Qb6 19. b3 O-O 20. Re5 Rae8
21. Qc1 f5 22. Qa3 Rf7 23. Rc1 Rd7 24. h3 h6 25. Rcc5 Rd5 26. Be7 Kf7 27. Rexd5
Bxd5 28. Bd6 a6 29. Qc1 Qd8 30. Be5 Qd7 31. Qd1 Kg8 32. Qh5 Qf7 33. Qh4 Qe7 34.
Qg3 Qf7 35. h4 Re6 36. h5 Re7 37. Qh4 Rd7 38. Kh2 Qe8 39. Bf4 Qe6 40. Rc1 Qe8
41. Qh3 Be6 42. Rc5 Rd5 43. Rxd5 cxd5 44. Kg1 Kh7 1/2-1/2

[Event "BL 9394 Bayern-Empor Berlin"]
[Site "?"]
[Date "1993.??.??"]
[Round "?.7"]
[White "Poldauf, D."]
[Black "Bischoff, K."]
[Result "0-1"]
[WhiteElo "2425"]
[BlackElo "2515"]
[PlyCount "80"]
[EventDate "1993.??.??"]

1. c4 Nf6 2. Nc3 c5 3. g3 e6 4. Nf3 b6 5. Bg2 Bb7 6. O-O Be7 7. b3 O-O 8. Bb2
d6 9. e3 Nbd7 10. d3 a6 11. Qe2 Qb8 12. Nh4 Bxg2 13. Nxg2 b5 14. f4 Qb7 15.
Rab1 d5 16. g4 Nb6 17. g5 Ne8 18. Ba1 Nd6 19. Rf3 f6 20. Rh3 g6 21. Nd1 fxg5
22. fxg5 Bxg5 23. Nf2 Nf5 24. Ng4 Rae8 25. Ne5 Bf6 26. Qg4 Qg7 27. d4 cxd4 28.
exd4 dxc4 29. bxc4 Bxe5 30. dxe5 Nxc4 31. Rd1 Qa7+ 32. Kh1 Nfe3 33. Nxe3 Nxe3
34. Rxe3 Qxe3 35. Bd4 Qf3+ 36. Qxf3 Rxf3 37. Bc5 Rc3 38. Bd6 Rc2 39. a3 Rec8
40. Rf1 Rc1 0-1

[Event "BL 9394 Bayern-Empor Berlin"]
[Site "?"]
[Date "1993.??.??"]
[Round "?.8"]
[White "Bezold, M."]
[Black "Stern, R."]
[Result "1-0"]
[WhiteElo "2490"]
[BlackElo "2385"]
[PlyCount "87"]
[EventDate "1993.??.??"]

1. g3 d5 2. Bg2 c6 3. Nf3 Bg4 4. O-O Nd7 5. d4 e6 6. Nbd2 Ngf6 7. Re1 Be7 8. e4
dxe4 9. Nxe4 Nxe4 10. Rxe4 Bh5 11. c3 O-O 12. Qb3 Bg6 13. Re1 Qb6 14. h4 Qxb3
15. axb3 Rfe8 16. Nd2 Nb6 17. b4 a6 18. Nb3 Nd5 19. Nc5 Bxc5 20. bxc5 Rad8 21.
Bf3 f6 22. Bd2 h6 23. c4 Ne7 24. Bc3 Bf7 25. Bg4 f5 26. Be2 f4 27. g4 h5 28.
Rad1 Ng6 29. gxh5 Nxh4 30. Bg4 g6 31. hxg6 Nxg6 32. Re4 Kh7 33. Kg2 Kh6 34. Kf3
Kg5 35. Rg1 Kf6 36. d5+ e5 37. d6 Nh4+ 38. Ke2 Ng6 39. Ba5 Ra8 40. d7 Rh8 41.
Rd1 Rhd8 42. Bxd8+ Rxd8 43. Rd6+ Kg5 44. f3 1-0

[Event "BL 9394 Castrop Rauxel-Bamberg"]
[Site "?"]
[Date "1993.??.??"]
[Round "?.1"]
[White "Pribyl, J."]
[Black "Watson, W."]
[Result "1/2-1/2"]
[WhiteElo "2470"]
[BlackElo "2550"]
[PlyCount "42"]
[EventDate "1993.??.??"]

1. e4 c5 2. Nf3 d6 3. Nc3 Nf6 4. Bb5+ Bd7 5. Bxd7+ Qxd7 6. O-O Nc6 7. b3 e6 8.
Bb2 Be7 9. d4 cxd4 10. Nxd4 Rc8 11. Re1 O-O 12. Ncb5 a6 13. Nxc6 bxc6 14. Nxd6
Qxd6 15. Qxd6 Bxd6 16. e5 Bb4 17. c3 Be7 18. exf6 Bxf6 19. Rad1 Rfd8 20. Kf1
Rd5 21. Ba1 Rcd8 1/2-1/2

[Event "BL 9394 Castrop Rauxel-Bamberg"]
[Site "?"]
[Date "1993.??.??"]
[Round "?.2"]
[White "King, D."]
[Black "Meister, P."]
[Result "1-0"]
[WhiteElo "2455"]
[BlackElo "2415"]
[PlyCount "107"]
[EventDate "1993.??.??"]

1. e4 c5 2. Nc3 Nc6 3. Nge2 g6 4. g3 Bg7 5. Bg2 e6 6. d3 Nge7 7. h4 h5 8. Bg5
Rb8 9. a3 b5 10. Rb1 d6 11. Qd2 Bd7 12. O-O a5 13. a4 bxa4 14. Nxa4 Ne5 15. b3
f6 16. Bf4 Nf7 17. Nb2 Nc6 18. Nc4 Bc8 19. Be3 e5 20. Ra1 Ra8 21. Ra4 Be6 22.
Rfa1 Bxc4 23. dxc4 Qd7 24. Qd5 Rc8 25. Kh2 g5 26. Bh3 g4 27. Bg2 Bh6 28. Nc3
Kf8 29. Qd3 Qe6 30. Nd5 Kg7 31. Bd2 Bxd2 32. Qxd2 Rb8 33. Ne3 Nh6 34. Nf5+ Nxf5
35. exf5 Qd7 36. Bxc6 Qxc6 37. Rxa5 Rbd8 38. Ra7+ Rd7 39. R1a6 Qc8 40. Rxd7+
Qxd7 41. Qxd6 Qxd6 42. Rxd6 Ra8 43. Kg2 e4 44. Kf1 e3 45. fxe3 Ra1+ 46. Ke2 Rg1
47. b4 cxb4 48. c5 Ra1 49. Rd4 Ra2 50. Kd3 Ra3+ 51. Ke4 Rc3 52. Kd5 Rxc2 53.
Rxb4 Rd2+ 54. Rd4 1-0

[Event "BL 9394 Castrop Rauxel-Bamberg"]
[Site "?"]
[Date "1993.??.??"]
[Round "?.3"]
[White "Hennings, A."]
[Black "Appel, R."]
[Result "0-1"]
[WhiteElo "2365"]
[BlackElo "2430"]
[PlyCount "68"]
[EventDate "1993.??.??"]

1. e4 Nf6 2. d3 d5 3. Nd2 e5 4. Ngf3 Nc6 5. Be2 Bc5 6. c3 a5 7. O-O O-O 8. h3
h6 9. Re1 Be6 10. Bf1 Re8 11. a4 Qb8 12. exd5 Bxd5 13. Ne4 Be7 14. Ng3 Bf8 15.
Be3 Qd8 16. Nd2 Be6 17. Nf3 Qd5 18. d4 exd4 19. Nxd4 Nxd4 20. Bxd4 Rad8 21. Qc1
Nd7 22. Be2 Nc5 23. Bf3 Qb3 24. Qb1 Bd5 25. Rxe8 Rxe8 26. Bxd5 Qxd5 27. Qf1 Nb3
28. Rd1 Rd8 29. Qb5 c6 30. Qxb7 c5 31. Qxd5 Rxd5 32. Ne2 cxd4 33. cxd4 Bc5 34.
Rd3 Nxd4 0-1

[Event "BL 9394 Castrop Rauxel-Bamberg"]
[Site "?"]
[Date "1993.??.??"]
[Round "?.4"]
[White "Hoffmann, M."]
[Black "Pribyl, M."]
[Result "1-0"]
[WhiteElo "2455"]
[BlackElo "2300"]
[PlyCount "85"]
[EventDate "1993.??.??"]

1. c4 Nf6 2. Nc3 d5 3. cxd5 Nxd5 4. g3 e5 5. Bg2 Nb6 6. Nf3 Nc6 7. O-O Be7 8.
d3 O-O 9. Be3 Be6 10. Na4 Bd5 11. Bc5 Nd4 12. Nxd4 Bxg2 13. Ne6 Qd5 14. Nxc7
Qc6 15. Bxe7 Bh3 16. e4 Qxc7 17. Bxf8 Bxf1 18. Nxb6 Qxb6 19. Bxg7 Kxg7 20. Kxf1
Qxb2 21. Rb1 Qxa2 22. Qg4+ Kh8 23. Rxb7 Qe6 24. Qxe6 fxe6 25. Re7 a5 26. Rxe6
a4 27. Rc6 a3 28. Rc1 Kg7 29. Ke2 Kf6 30. f4 a2 31. Ra1 h5 32. Kd2 h4 33. Ke3
Ra3 34. gxh4 exf4+ 35. Kxf4 Rxd3 36. Rxa2 Rh3 37. Rf2 Ke6 38. Kg5 Re3 39. h5
Rxe4 40. h6 Re3 41. h7 Rh3 42. Rf6+ Ke7 43. Rh6 1-0

[Event "BL 9394 Castrop Rauxel-Bamberg"]
[Site "?"]
[Date "1993.??.??"]
[Round "?.5"]
[White "Huemmer, B."]
[Black "Sehner, N."]
[Result "1/2-1/2"]
[WhiteElo "2290"]
[BlackElo "2415"]
[PlyCount "151"]
[EventDate "1993.??.??"]

1. d4 d5 2. Nf3 c6 3. Bf4 Qb6 4. Qc1 Bg4 5. Nbd2 Nd7 6. e3 Ngf6 7. Bd3 Nh5 8.
O-O Nxf4 9. exf4 g6 10. c3 Bh6 11. Ne5 Nxe5 12. fxe5 c5 13. dxc5 Qxc5 14. Qc2
O-O 15. Nb3 Qb6 16. Nd4 Bg7 17. h3 Bd7 18. Rae1 e6 19. Kh1 Rfc8 20. Qe2 Bf8 21.
Qd2 Bc5 22. Nf3 Bb5 23. Bxb5 Qxb5 24. Rd1 Qb6 25. Nh2 Bf8 26. h4 Rc4 27. Nf3 h5
28. g3 Rac8 29. Nd4 Qc7 30. Rfe1 a6 31. Nc2 b5 32. a3 a5 33. Kg2 Qb7 34. Kg1 b4
35. axb4 axb4 36. Nxb4 Bxb4 37. cxb4 Rc2 38. Qf4 R8c4 39. Rd4 Qxb4 40. Red1
Rxb2 41. Rxc4 Qxc4 42. Qxc4 dxc4 43. Rd8+ Kg7 44. Rc8 Rc2 45. Kf1 c3 46. Ke1
Rc1+ 47. Ke2 c2 48. Kf3 Re1 49. Rxc2 Rxe5 50. Rc7 Ra5 51. Rb7 Kf6 52. Rc7 Ra3+
53. Ke4 Ra4+ 54. Ke3 e5 55. Kf3 Ke6 56. Rc6+ Kf5 57. Rc5 Ra3+ 58. Kg2 f6 59.
Rb5 Rd3 60. Ra5 Ke6 61. Rb5 e4 62. Rb8 Kf5 63. Rb4 Rd2 64. Kg1 Ra2 65. Rc4 Ra5
66. Kg2 Ke5 67. Rc8 Ra6 68. Rb8 f5 69. Rb7 Rf6 70. Rb5+ Kd4 71. Rb4+ Kc3 72.
Ra4 Rd6 73. Ra8 Kd4 74. Ra7 Ke5 75. Ra5+ Rd5 76. Ra8 1/2-1/2

[Event "BL 9394 Castrop Rauxel-Bamberg"]
[Site "?"]
[Date "1993.??.??"]
[Round "?.6"]
[White "Libeau, R."]
[Black "Stickler, A."]
[Result "1-0"]
[WhiteElo "2425"]
[BlackElo "2245"]
[PlyCount "83"]
[EventDate "1993.??.??"]

1. c4 Nf6 2. Nf3 e6 3. Nc3 c5 4. g3 b6 5. Bg2 Bb7 6. O-O d6 7. Re1 a6 8. e4
Nbd7 9. d4 cxd4 10. Nxd4 Qc7 11. Be3 Be7 12. Rc1 O-O 13. f4 Rfe8 14. f5 Nf8 15.
fxe6 fxe6 16. Bh3 Bd8 17. Bf2 N6d7 18. Nce2 Nc5 19. Nc3 Bf6 20. b4 Ncd7 21. Nd5
exd5 22. cxd5 Nc5 23. bxc5 bxc5 24. Qa4 Bxd4 25. Bxd4 Qf7 26. Bc3 Bc8 27. Bxc8
Rexc8 28. e5 dxe5 29. Rxe5 Ng6 30. Rf1 Qb7 31. Ref5 Rf8 32. d6 Rxf5 33. Rxf5
Qb1+ 34. Rf1 Qb5 35. Qe4 Rf8 36. Qd5+ Kh8 37. Rxf8+ Nxf8 38. Qf7 Qb1+ 39. Kg2
Qe4+ 40. Kh3 Qe6+ 41. Qxe6 Nxe6 42. d7 1-0

[Event "BL 9394 Castrop Rauxel-Bamberg"]
[Site "?"]
[Date "1993.??.??"]
[Round "?.7"]
[White "Loew, G."]
[Black "Dinstuhl, V."]
[Result "1/2-1/2"]
[WhiteElo "2235"]
[BlackElo "2365"]
[PlyCount "81"]
[EventDate "1993.??.??"]

1. e4 c5 2. Nf3 d6 3. d4 cxd4 4. Nxd4 Nf6 5. Nc3 a6 6. a4 e6 7. Be2 Be7 8. O-O
O-O 9. f4 Qc7 10. Kh1 Nc6 11. Be3 Re8 12. Bf2 Bd7 13. Bg3 Nxd4 14. Qxd4 Bc6 15.
e5 dxe5 16. fxe5 Bc5 17. Qf4 Nd5 18. Nxd5 Bxd5 19. b4 Bf8 20. c4 Bc6 21. b5
axb5 22. axb5 Rxa1 23. Rxa1 Bd7 24. Qe4 Rc8 25. Bf4 g6 26. h4 Bc5 27. Bg5 Be8
28. h5 Be7 29. Be3 Bf8 30. Ra7 Rb8 31. Bf3 Bg7 32. Bf4 Qc5 33. Ra2 Rd8 34. h6
Rd4 35. Qe3 Bf8 36. Ra8 Qxc4 37. Bg5 Rd3 38. Qe4 Rd4 39. Qe3 Rd3 40. Qe4 Rd4
41. Qe3 1/2-1/2

[Event "BL 9394 Castrop Rauxel-Bamberg"]
[Site "?"]
[Date "1993.??.??"]
[Round "?.8"]
[White "Hermesmann, H."]
[Black "Krauseneck, P."]
[Result "0-1"]
[WhiteElo "2305"]
[BlackElo "2305"]
[PlyCount "102"]
[EventDate "1993.??.??"]

1. d4 e6 2. c4 f5 3. Nc3 Nf6 4. e3 d5 5. Qc2 c6 6. f3 Bd6 7. Bd3 O-O 8. Bd2 a5
9. Nge2 Na6 10. a3 Bd7 11. c5 Bc7 12. Na4 b5 13. cxb6 Bxb6 14. O-O Bc7 15. Be1
Qe7 16. Bh4 e5 17. Rae1 e4 18. Bxa6 Rxa6 19. f4 Bd6 20. Nc1 Ra7 21. Nb3 Rb8 22.
Qc3 Rb5 23. Nbc5 Bc8 24. Rc1 Kf7 25. Rc2 Qc7 26. Bxf6 Kxf6 27. Qe1 Kf7 28. Qh4
Kg8 29. Rfc1 Qe7 30. Qg3 Ra8 31. Nc3 Rbb8 32. N3a4 Ra7 33. Rc3 Qe8 34. Qe1 Qh5
35. Qd1 Qh6 36. Rb3 g5 37. Rxb8 Bxb8 38. Qb3 Bc7 39. g3 gxf4 40. gxf4 Qh3 41.
Rc2 Bd6 42. Rg2+ Rg7 43. Rxg7+ Kxg7 44. Qc3 Qg4+ 45. Kf1 Qf3+ 46. Kg1 Qd1+ 47.
Kg2 Qe2+ 48. Kg1 Be7 49. Nb3 Bh4 50. Qd2 Bf2+ 51. Kg2 Qf3+ 0-1

[Event "BL 9394 Bochum-Zähringen"]
[Site "?"]
[Date "1993.??.??"]
[Round "?.1"]
[White "Gavrikov, V."]
[Black "Dokhoian, Y."]
[Result "1-0"]
[WhiteElo "2580"]
[BlackElo "2550"]
[PlyCount "155"]
[EventDate "1993.??.??"]

1. c4 e6 2. Nc3 d5 3. d4 c6 4. cxd5 exd5 5. Bf4 Bd6 6. Bxd6 Qxd6 7. e3 Ne7 8.
Nge2 Bf5 9. Nf4 Ng6 10. Nh5 O-O 11. Ng3 Be6 12. Bd3 f5 13. Nge2 Nd7 14. Qc2 Nf6
15. h4 Ne4 16. h5 Ne7 17. Nf4 Bd7 18. f3 Nxc3 19. Qxc3 Rae8 20. Kf2 Nc8 21. Qc5
Qh6 22. a4 Re7 23. b4 Rfe8 24. Rae1 a6 25. b5 axb5 26. axb5 Nd6 27. bxc6 bxc6
28. Qc1 Qf6 29. Re2 Rf8 30. Bc2 Rfe8 31. Bb3 Nb5 32. Qc5 Kh8 33. Ree1 Nc7 34.
Nd3 Rb8 35. Bc2 Rbe8 36. g3 Ne6 37. Qd6 Rd8 38. Qe5 Qf8 39. h6 Kg8 40. hxg7
Nxg7 41. Qf4 h5 42. Qg5 Be8 43. Nf4 Rd6 44. Bxf5 Rb7 45. Bc2 Qf6 46. Qxf6 Rxf6
47. Rb1 Ra7 48. Ra1 Rff7 49. Bg6 Rfb7 50. Rxa7 Rxa7 51. Bxe8 Ra2+ 52. Ne2 Nxe8
53. Rxh5 Kf7 54. Rh6 Rc2 55. Ke1 Kg7 56. Re6 Kf7 57. Nf4 Nc7 58. Rh6 Nb5 59.
Nd3 Kg7 60. Re6 Na3 61. Nb4 Rb2 62. Nxc6 Nc4 63. g4 Kf7 64. Nd8+ Kg7 65. g5 Rg2
66. f4 Nd2 67. Rf6 Ne4 68. Ne6+ Kg8 69. Rg6+ Kf7 70. f5 Rg1+ 71. Ke2 Rg2+ 72.
Kf3 Rf2+ 73. Kg4 Rg2+ 74. Kf4 Rf2+ 75. Ke5 Nd2 76. Rg7+ Ke8 77. g6 Nc4+ 78. Kf6
1-0

[Event "BL 9394 Bochum-Zähringen"]
[Site "?"]
[Date "1993.??.??"]
[Round "?.2"]
[White "Glek, I."]
[Black "Roos, D."]
[Result "1-0"]
[WhiteElo "2535"]
[BlackElo "2415"]
[PlyCount "61"]
[EventDate "1993.??.??"]

1. e4 c6 2. d4 d5 3. Nc3 dxe4 4. Nxe4 Nf6 5. Nxf6+ gxf6 6. c3 Bf5 7. Nf3 Nd7 8.
g3 Nb6 9. Bg2 Qd7 10. O-O Bh3 11. Bxh3 Qxh3 12. a4 Qf5 13. a5 Nd5 14. c4 Nc7
15. Bf4 Na6 16. d5 Rg8 17. Be3 c5 18. b4 e5 19. dxe6 fxe6 20. Qa4+ Kf7 21. Qd7+
Be7 22. b5 Qxf3 23. bxa6 bxa6 24. Bxc5 Rae8 25. Rab1 Qf5 26. Bd6 Rg5 27. Rb8
Rgg8 28. Rb7 Qd3 29. Qc7 Rg7 30. Bxe7 Rg6 31. Qc5 1-0

[Event "BL 9394 Bochum-Zähringen"]
[Site "?"]
[Date "1993.??.??"]
[Round "?.3"]
[White "Mann, C."]
[Black "Schulz, KJ."]
[Result "0-1"]
[WhiteElo "2455"]
[BlackElo "2420"]
[PlyCount "80"]
[EventDate "1993.??.??"]

1. g3 c5 2. Bg2 Nc6 3. Nf3 e5 4. O-O g6 5. c4 Bg7 6. Nc3 Nge7 7. d3 d6 8. a3
O-O 9. Rb1 a5 10. Ne1 Be6 11. Nd5 Rb8 12. Bg5 f6 13. Bd2 b5 14. cxb5 Rxb5 15.
Qa4 Na7 16. Nxe7+ Qxe7 17. b4 Rfb8 18. Rc1 axb4 19. axb4 cxb4 20. Be3 Rc5 21.
Bxc5 dxc5 22. Nc2 Nb5 23. Ne3 Nc3 24. Qc2 f5 25. Nd1 Na2 26. Qxc5 Qxc5 27. Rxc5
b3 28. Nb2 e4 29. Rb1 Nc3 30. Rxc3 Bxc3 31. dxe4 Bxb2 32. exf5 gxf5 33. Rxb2
Rc8 34. e4 Rc1+ 35. Bf1 Bc4 36. Kg2 Bxf1+ 37. Kf3 fxe4+ 38. Kxe4 Bc4 39. Kd4
Rc2 40. Rb1 b2 0-1

[Event "BL 9394 Bochum-Zähringen"]
[Site "?"]
[Date "1993.??.??"]
[Round "?.4"]
[White "Backwinkel, P."]
[Black "Schuh, H."]
[Result "1-0"]
[WhiteElo "2410"]
[BlackElo "2355"]
[PlyCount "95"]
[EventDate "1993.??.??"]

1. d4 Nf6 2. Nf3 d6 3. Nbd2 Nbd7 4. e4 e5 5. c3 Be7 6. Bd3 O-O 7. O-O c6 8. Re1
Qc7 9. Nf1 Re8 10. Ng3 g6 11. b3 b6 12. Bb2 Bb7 13. c4 Bf8 14. Qd2 c5 15. d5
Bc8 16. a3 Qd8 17. Bc3 Bg7 18. h3 Rf8 19. Qc1 Kh8 20. Bd2 Ng8 21. Rb1 a5 22.
Qc2 Bh6 23. Rf1 Bxd2 24. Qxd2 Qe7 25. Qg5 Qxg5 26. Nxg5 Ne7 27. Nf3 h6 28. Nd2
f5 29. Ne2 f4 30. Nc3 Nf6 31. Nb5 Ne8 32. b4 Bd7 33. bxc5 bxc5 34. Nc3 Nc8 35.
Rb7 Rf7 36. Rfb1 Kg7 37. Bc2 g5 38. Bd1 Nf6 39. Rb8 Rxb8 40. Rxb8 h5 41. Ra8 g4
42. hxg4 hxg4 43. Rxa5 f3 44. gxf3 gxf3 45. Bxf3 Ne7 46. Nb5 Ng6 47. Nxd6 Rf8
48. Nf5+ 1-0

[Event "BL 9394 Bochum-Zähringen"]
[Site "?"]
[Date "1993.??.??"]
[Round "?.5"]
[White "Vatter, HJ."]
[Black "Jackelen, T."]
[Result "0-1"]
[WhiteElo "2320"]
[BlackElo "2425"]
[PlyCount "96"]
[EventDate "1993.??.??"]

1. e4 e6 2. d4 d5 3. e5 c5 4. c3 Nc6 5. Nf3 Nh6 6. Bxh6 gxh6 7. a3 Bd7 8. b4
cxd4 9. cxd4 Bg7 10. Bd3 Qb6 11. Bc2 a5 12. b5 Nxd4 13. Nxd4 Bxe5 14. Nb3 a4
15. Nc1 Bxa1 16. O-O O-O-O 17. Bxa4 Kb8 18. Ne2 Be5 19. Nd2 Rc8 20. Qb3 Rhg8
21. Rb1 Rg4 22. Qd1 Rcg8 23. g3 h5 24. Bc2 h4 25. Kf1 hxg3 26. hxg3 h5 27. Nf3
Bf6 28. a4 h4 29. Qd2 hxg3 30. Nxg3 Qc5 31. Rc1 Rc8 32. Ne2 Rc4 33. Re1 Qb4 34.
Qh6 Qb2 35. Bd1 Rh8 36. Qe3 Rh1+ 37. Kg2 Rxe1 38. Nxe1 Qe5 39. Qa3 Bc8 40. a5
Bd8 41. Nf3 Qc7 42. a6 Qc5 43. Qa1 Bb6 44. Qe5+ Ka7 45. Qg3 bxa6 46. bxa6 Bxa6
47. Ng5 Rb4 48. Nxf7 Rb1 0-1

[Event "BL 9394 Bochum-Zähringen"]
[Site "?"]
[Date "1993.??.??"]
[Round "?.6"]
[White "Luecke, N."]
[Black "Raupp, T."]
[Result "1-0"]
[WhiteElo "2410"]
[BlackElo "2360"]
[PlyCount "81"]
[EventDate "1993.??.??"]

1. e4 c6 2. d4 d5 3. Nc3 dxe4 4. Nxe4 Nd7 5. Ng5 Ngf6 6. Bd3 e6 7. N1f3 h6 8.
Ne4 Nxe4 9. Bxe4 Bd6 10. c3 O-O 11. O-O e5 12. Bc2 Re8 13. Re1 exd4 14. Rxe8+
Qxe8 15. Qxd4 Bc5 16. Qh4 Nf8 17. Bxh6 gxh6 18. Re1 Be6 19. Qg3+ Ng6 20. Bxg6
fxg6 21. Qe5 Bxf2+ 22. Kxf2 Bf7 23. Qf6 Qd8 24. Re7 Qb6+ 25. Kg3 Rf8 26. h4 c5
27. Qxb6 axb6 28. Rxb7 Bxa2 29. Rxb6 Kg7 30. Ne5 Bb1 31. Rb7+ Kg8 32. Nd7 Rc8
33. c4 Rc6 34. Rb5 Bf5 35. Nxc5 Kf7 36. Kf4 Kf6 37. b3 g5+ 38. hxg5+ hxg5+ 39.
Ke3 Rc7 40. Ne4+ Kg6 41. g4 1-0

[Event "BL 9394 Bochum-Zähringen"]
[Site "?"]
[Date "1993.??.??"]
[Round "?.7"]
[White "Brendel, O."]
[Black "Sonntag, HH."]
[Result "1-0"]
[WhiteElo "2385"]
[BlackElo "2405"]
[PlyCount "69"]
[EventDate "1993.??.??"]

1. e4 e5 2. Nf3 Nc6 3. Bb5 a6 4. Ba4 Nf6 5. d4 exd4 6. O-O Be7 7. Re1 O-O 8. e5
Ne8 9. Bf4 b5 10. Bb3 d5 11. c3 Bf5 12. a4 Na5 13. Nxd4 Bxb1 14. Rxb1 c5 15.
Nf5 Nxb3 16. Nxe7+ Qxe7 17. Qxd5 Nc7 18. Qxb3 c4 19. Qc2 Rfd8 20. Rbd1 Nd5 21.
Bg3 Qc5 22. Qe4 Nc7 23. Rd6 Ne6 24. Red1 Qc7 25. Bh4 g5 26. Bg3 Rxd6 27. exd6
Rd8 28. axb5 axb5 29. h4 Qd7 30. Be5 f5 31. Qxf5 Rf8 32. Bf6 gxh4 33. Re1 Re8
34. Qg4+ Kf7 35. Rxe6 1-0

[Event "BL 9394 Bochum-Zähringen"]
[Site "?"]
[Date "1993.??.??"]
[Round "?.8"]
[White "Kassebaum, R."]
[Black "Siegel, G."]
[Result "0-1"]
[WhiteElo "2355"]
[BlackElo "2335"]
[PlyCount "82"]
[EventDate "1993.??.??"]

1. e4 c5 2. Nf3 d6 3. c3 Nf6 4. Be2 g6 5. O-O Bg7 6. e5 dxe5 7. Nxe5 O-O 8. d4
cxd4 9. cxd4 Nc6 10. Nxc6 bxc6 11. Nc3 Be6 12. Bf3 Bd5 13. Nxd5 cxd5 14. Re1 e6
15. Bf4 Qb6 16. Qd2 Nd7 17. Rad1 Rfc8 18. h4 Rc4 19. Be3 Rac8 20. Re2 Qa6 21.
b3 Rc3 22. Qb2 Qb6 23. Red2 Bf8 24. Qb1 Ba3 25. Kh2 Nf6 26. Rd3 Rc2 27. R3d2
R2c6 28. Bg5 Ne8 29. g3 Bf8 30. Qd3 Bg7 31. Bf4 Rc3 32. Qe2 a5 33. Kg2 Qc6 34.
h5 Nd6 35. Rd3 Rc2 36. R1d2 Nf5 37. Rxc2 Qxc2 38. Qxc2 Rxc2 39. Rd2 Nxd4 40.
Rxc2 Nxc2 41. hxg6 Ne1+ 0-1

[Event "BL 9394 Bamberg-Bochum"]
[Site "?"]
[Date "1993.??.??"]
[Round "?.2"]
[White "Pribyl, J."]
[Black "Glek, I."]
[Result "1/2-1/2"]
[WhiteElo "2470"]
[BlackElo "2535"]
[PlyCount "60"]
[EventDate "1993.??.??"]

1. c4 e5 2. Nc3 Bb4 3. Nd5 a5 4. g3 Ne7 5. Bg2 O-O 6. Nxb4 axb4 7. Nf3 d6 8. d4
f6 9. O-O c5 10. dxc5 dxc5 11. Qxd8 Rxd8 12. Be3 Na6 13. Rfd1 Be6 14. Nd2 Rab8
15. f4 Nf5 16. Bf2 exf4 17. gxf4 b6 18. b3 Nd4 19. Kf1 Bg4 20. Nf3 Nxf3 21.
Bxf3 Bxf3 22. exf3 Nc7 23. f5 Ne8 24. Bg3 Ra8 25. Rxd8 Rxd8 26. Re1 Kf7 27. Re6
Rd1+ 28. Ke2 Ra1 29. Rxb6 Rxa2+ 30. Ke1 Rb2 1/2-1/2

[Event "BL 9394 Bamberg-Bochum"]
[Site "?"]
[Date "1993.??.??"]
[Round "?.3"]
[White "Schulz, KJ."]
[Black "Meister, P."]
[Result "1/2-1/2"]
[WhiteElo "2420"]
[BlackElo "2415"]
[PlyCount "26"]
[EventDate "1993.??.??"]

1. c4 e6 2. Nf3 Nf6 3. g3 d5 4. Bg2 Be7 5. O-O O-O 6. b3 b6 7. Bb2 Bb7 8. e3 c5
9. Qe2 Nc6 10. Rd1 Qc7 11. Nc3 Rad8 12. cxd5 Nxd5 13. Nxd5 Rxd5 1/2-1/2

[Event "BL 9394 Bamberg-Bochum"]
[Site "?"]
[Date "1993.??.??"]
[Round "?.5"]
[White "Jackelen, T."]
[Black "Pribyl, M."]
[Result "1-0"]
[WhiteElo "2425"]
[BlackElo "2300"]
[PlyCount "107"]
[EventDate "1993.??.??"]

1. Nf3 Nf6 2. c4 g6 3. Nc3 d5 4. cxd5 Nxd5 5. Qa4+ Bd7 6. Qh4 Bc6 7. Qd4 f6 8.
e3 Bg7 9. Be2 e5 10. Qc4 Nb6 11. Qe6+ Qe7 12. Qxe7+ Kxe7 13. b4 a6 14. a4 Rd8
15. Bb2 Nd5 16. Ba3 Ke8 17. b5 axb5 18. axb5 Nxc3 19. bxc6 Nxe2 20. cxb7 Ra7
21. Kxe2 Rxb7 22. Rac1 Bf8 23. Bxf8 Kxf8 24. g4 Nd7 25. Rc6 Ke7 26. Rhc1 Rc8
27. g5 f5 28. h4 Nb8 29. R6c2 Nd7 30. Rc6 Nb8 31. R6c3 Nd7 32. h5 c5 33. hxg6
hxg6 34. Rh1 Kf7 35. Nxe5+ Kg7 36. Nxd7 Rxd7 37. Rhc1 Rcd8 38. R1c2 f4 39. Rxc5
Rf7 40. d4 f3+ 41. Kd3 Ra8 42. Rc7 Ra5 43. Rxf7+ Kxf7 44. Rc7+ Ke6 45. Rc6+ Ke7
46. Rf6 Rxg5 47. Rxf3 Ra5 48. Rh3 Ke6 49. Ke4 Rf5 50. f4 Ra5 51. Rh8 Rb5 52.
Rc8 Rb4 53. Rc6+ Kf7 54. Ke5 1-0

[Event "BL 9394 Bamberg-Bochum"]
[Site "?"]
[Date "1993.??.??"]
[Round "?.6"]
[White "Huemmer, B."]
[Black "Luecke, N."]
[Result "1/2-1/2"]
[WhiteElo "2290"]
[BlackElo "2410"]
[PlyCount "21"]
[EventDate "1993.??.??"]

1. d4 Nf6 2. Nf3 g6 3. Bg5 Bg7 4. Nbd2 d5 5. e3 O-O 6. Bd3 c5 7. c3 Nc6 8. O-O
Nd7 9. Re1 h6 10. Bh4 f5 11. c4 1/2-1/2

[Event "BL 9394 Bamberg-Bochum"]
[Site "?"]
[Date "1993.??.??"]
[Round "?.7"]
[White "Kassebaum, R."]
[Black "Stickler, A."]
[Result "1/2-1/2"]
[WhiteElo "2355"]
[BlackElo "2245"]
[PlyCount "42"]
[EventDate "1993.??.??"]

1. e4 c5 2. Nf3 e6 3. Nc3 a6 4. d4 cxd4 5. Nxd4 Qc7 6. g3 Bb4 7. Bd2 Nf6 8. Bg2
Nc6 9. Nb3 O-O 10. O-O Be7 11. a4 d6 12. f4 Rb8 13. g4 b5 14. g5 Nd7 15. axb5
axb5 16. Qh5 g6 17. Qh4 b4 18. Nd1 f6 19. Bh3 Nc5 20. Nxc5 dxc5 21. gxf6 Bxf6
1/2-1/2

[Event "BL 9394 Zähringen-Castrop Rauxel"]
[Site "?"]
[Date "1993.??.??"]
[Round "?.3"]
[White "Appel, R."]
[Black "Mann, C."]
[Result "1-0"]
[WhiteElo "2430"]
[BlackElo "2455"]
[PlyCount "127"]
[EventDate "1993.??.??"]

1. d4 Nf6 2. Nf3 g6 3. c4 Bg7 4. g3 O-O 5. Bg2 c6 6. Nc3 d5 7. cxd5 cxd5 8. O-O
Nc6 9. Ne5 Bd7 10. Nxd5 Nxd5 11. Bxd5 Nxe5 12. dxe5 Bh3 13. Re1 Bxe5 14. Qb3 e6
15. Bf3 Qe7 16. Be3 a5 17. Qb5 Qf6 18. Rac1 Bxb2 19. Bg5 Qe5 20. Rc5 Qd6 21.
Rc4 Bg7 22. Rh4 f6 23. Bc1 Bf5 24. e4 g5 25. exf5 gxh4 26. fxe6 Qe7 27. Qxb7
Qxb7 28. Bxb7 Ra7 29. Bd5 Re7 30. Ba3 Rfe8 31. Bxe7 Rxe7 32. Rc1 hxg3 33. Rc8+
Bf8 34. hxg3 Kg7 35. Ra8 f5 36. Rxa5 Rc7 37. Ra8 Bc5 38. a4 Kf6 39. a5 Ke5 40.
Bb3 Rb7 41. Rc8 Rxb3 42. Rxc5+ Kxe6 43. a6 Ra3 44. Rc6+ Ke5 45. Kg2 Ra2 46. Rh6
Ke4 47. Re6+ Kd5 48. Rb6 Ke4 49. Rb5 h5 50. Rb6 Ke5 51. Rh6 Ra1 52. f4+ Kd5 53.
Rxh5 Ke4 54. Rh6 Ra2+ 55. Kh3 Kf3 56. Kh4 Rh2+ 57. Kg5 Ra2 58. Rf6 Ra5 59. Rxf5
Rxa6 60. Re5 Ra8 61. f5 Rg8+ 62. Kh6 Kxg3 63. f6 Kf4 64. f7 1-0

[Event "BL 9394 Zähringen-Castrop Rauxel"]
[Site "?"]
[Date "1993.??.??"]
[Round "?.4"]
[White "Schuh, H."]
[Black "Hoffmann, M."]
[Result "1/2-1/2"]
[WhiteElo "2355"]
[BlackElo "2455"]
[PlyCount "70"]
[EventDate "1993.??.??"]

1. Nf3 c5 2. c4 Nf6 3. Nc3 b6 4. g3 Bb7 5. Bg2 g6 6. O-O Bg7 7. Re1 d6 8. e4
Nbd7 9. d4 cxd4 10. Nxd4 Rb8 11. f4 O-O 12. Be3 a6 13. Rc1 Ba8 14. b4 Rc8 15.
Nd5 e6 16. Nxf6+ Nxf6 17. Bf2 e5 18. Nb3 exf4 19. gxf4 Re8 20. e5 dxe5 21. Qxd8
Rcxd8 22. Bxb6 Rb8 23. fxe5 Nd7 24. Ba5 Bxg2 25. Kxg2 Nxe5 26. a3 Rec8 27. Nc5
Nc6 28. Nxa6 Ra8 29. Nc7 Rxa5 30. bxa5 Rxc7 31. Re8+ Bf8 32. Rb1 Kg7 33. a6 Ra7
34. Rb6 Na5 35. Rbb8 Rxa6 1/2-1/2

[Event "BL 9394 Zähringen-Castrop Rauxel"]
[Site "?"]
[Date "1993.??.??"]
[Round "?.5"]
[White "Sehner, N."]
[Black "Vatter, HJ."]
[Result "1/2-1/2"]
[WhiteElo "2415"]
[BlackElo "2320"]
[PlyCount "85"]
[EventDate "1993.??.??"]

1. g3 e5 2. c4 Nf6 3. Bg2 d5 4. cxd5 Nxd5 5. Nf3 Nc6 6. d3 Be7 7. a3 a5 8. O-O
O-O 9. b3 Bf6 10. e4 Nb6 11. Bb2 Be6 12. Qc2 Qd7 13. Nc3 Rfd8 14. Rfd1 Bg4 15.
Ne2 h6 16. Rac1 Rac8 17. Bc3 Qe6 18. b4 axb4 19. axb4 Ra8 20. Qb1 Ra3 21. h3
Rb3 22. Qc2 Bxf3 23. Bxf3 Nxb4 24. Bxb4 Rxb4 25. Qxc7 Qxh3 26. Qxb7 Nd5 27. Qa7
Nf4 28. Nxf4 exf4 29. Bg2 Qg4 30. e5 Bg5 31. f3 Qxg3 32. Qa2 Bh4 33. Rc6 Qg5
34. e6 fxe6 35. Qxe6+ Kh8 36. Rc8 Rb2 37. Rxd8+ Qxd8 38. Rc1 Bf2+ 39. Kh1 Qh4+
40. Bh3 Rb8 41. Rc8+ Rxc8 42. Qxc8+ Kh7 43. Qf5+ 1/2-1/2